Integral Geometry and Geometric Probability (Record no. 6079)

MARC details
000 -LEADER
fixed length control field 00587nam a2200193Ia 4500
003 - CONTROL NUMBER IDENTIFIER
control field IN-BaIIA
008 - FIXED-LENGTH DATA ELEMENTS--GENERAL INFORMATION
fixed length control field 211028s9999 xx 000 0 eng d
020 ## - INTERNATIONAL STANDARD BOOK NUMBER
International Standard Book Number 0-201-13500-0
040 ## - CATALOGING SOURCE
Transcribing agency IIA Library
080 ## - UNIVERSAL DECIMAL CLASSIFICATION NUMBER
Universal Decimal Classification number 031:51
Item number EMA-1
100 ## - MAIN ENTRY--PERSONAL NAME
Personal name Santalo, Luis A
9 (RLIN) 10538
245 #0 - TITLE STATEMENT
Title Integral Geometry and Geometric Probability
Statement of responsibility, etc. Luis A Santalo
260 ## - PUBLICATION, DISTRIBUTION, ETC.
Place of publication, distribution, etc. Reading
Name of publisher, distributor, etc. Addison-Wesley
Date of publication, distribution, etc. 1976
300 ## - PHYSICAL DESCRIPTION
Extent xvii, 404p.
650 ## - SUBJECT ADDED ENTRY--TOPICAL TERM
Topical term or geographic name entry element Encyclopedia-Mathematics
650 ## - SUBJECT ADDED ENTRY--TOPICAL TERM
Topical term or geographic name entry element Mathematics Encyclopedia
9 (RLIN) 10050
650 ## - SUBJECT ADDED ENTRY--TOPICAL TERM
Topical term or geographic name entry element NASA Thesaurus
942 ## - ADDED ENTRY ELEMENTS (KOHA)
Koha item type Books
952 ## - LOCATION AND ITEM INFORMATION (KOHA)
-- 21.50
Holdings
Withdrawn status Lost status Damaged status Not for loan Home library Current library Shelving location Date acquired Total Checkouts Full call number Barcode Date last seen Price effective from Koha item type
        IIA Library-Bangalore IIA Library-Bangalore General Stacks 30/11/1978   031:51/ EMA-1 6788 05/11/2021 30/11/1978 Books

Powered by Koha